书目信息 |
| 题名: |
中华历史人物故事集
|
|
| 作者: | 白迪 , 白迪 编写 | |
| 分册: | 一 | |
| 出版信息: | 北京 中国广播电视出版社 1991 |
|
| 页数: | 224页 | |
| 开本: | 19cm | |
| 丛书名: | ||
| 单 册: | ||
| 中图分类: | I287.53 , I242 | |
| 科图分类: | ||
| 主题词: | 儿童文学--历史故事--中国--现代--选集 , 中国 , 历史故事 | |
| 电子资源: | ||
| ISBN: | 7-5043-1259-2 | |
| 000 | 00794nam0 2200265 450 | |
| 001 | 1563552908 | |
| 005 | 20150122192222.10 | |
| 010 | @a7-5043-1259-2@dCNY3.50 | |
| 100 | @a20130329d1991 am y0chiy0110 ea | |
| 101 | 0 | @achi |
| 102 | @aCN@b110000 | |
| 105 | @ay z 000zd | |
| 200 | 1 | @a中华历史人物故事集@9zhong hua li shi ren wu gu shi ji@h一@f白迪等编写@Fbai di deng bian xie |
| 210 | @a北京@c中国广播电视出版社@d1991 | |
| 215 | @a224页@d19cm | |
| 330 | @a本集分别讲了秦始皇、陈胜、吴广、刘邦、项羽、韩信的故事。 | |
| 606 | 0 | @a儿童文学@x历史故事@y中国@z现代@x选集 |
| 606 | 0 | @x中国 |
| 606 | 0 | @a历史故事 |
| 690 | @aI287.53@v5 | |
| 690 | @aI242@v4 | |
| 701 | 0 | @a白迪@9bai di@4编写 |
| 701 | 0 | @a白迪@Abai di@4编写 |
| 801 | 0 | @aCN@bTSSF@c20150122 |
| 905 | @aZUCC@dI242@eJY17:1 | |
| 中华历史人物故事集.一/白迪等编写.-北京:中国广播电视出版社,1991 |
| 224页;19cm |
| ISBN 7-5043-1259-2:CNY3.50 |
| 本集分别讲了秦始皇、陈胜、吴广、刘邦、项羽、韩信的故事。 |
| ● |
| 相关链接 |
|
|
|
|
正题名:中华历史人物故事集
索取号:I242/JY17:1
 
预约/预借
| 序号 | 登录号 | 条形码 | 馆藏地/架位号 | 状态 | 备注 |
| 1 | 7839393 | 278393935 | 学院路分馆/ [索取号:I242/JY17:1] | 在馆 | |
| 2 | 7839396 | 278393962 | 学院路分馆/ [索取号:I242/JY17:1] | 在馆 |